La nudità che male fa? /

-д хадгалсан:
Номзүйн дэлгэрэнгүй
Үндсэн зохиолч: Haine, Rose (Зохиогч)
Бусад зохиолчид: Risari, Guia (Орчуулагч)
Формат: Ном
Хэл сонгох:итали
Хэвлэсэн: Cagli (PU) : Settenove, 2021
Цуврал:Albi illustrati e cartonati
Шошгууд: Шошго нэмэх
Шошго байхгүй, Энэхүү баримтыг шошголох эхний хүн болох!

MARC

LEADER 00000nam a22000007i 4500
001 IT\ICCU\PCM\0023940
003 ItRI
005 20260115232208.0
008 210714s2021 it |||||| ||||| |||||c
020 |a 9788898947621 
040 |b ita  |c importazione bologna sebina 
041 7 |a ita  |2 ISO-639-2 
100 1 |a Haine, Rose  |0 IT\ICCU\PCMV\005286  |4 aut 
240 1 0 |a It isn't rude to be nude  |3 IT\ICCU\LO1\1829769  |9 Haine, Rose 
245 1 3 |a La nudità che male fa? /  |c Rosie Haine ; traduzione di Guia Risari. 
260 |a Cagli (PU) :  |b Settenove,  |c 2021 
300 |a 1 volume (senza paginazione) :  |b in gran parte ill. ;  |c 29 cm 
500 |a Da catalogo editoriale online  |9 IT\ICCU\UBO\4379629 
500 |a In copertina: Contiene nudità e va bene così! 
700 1 |a Risari, Guia  |0 IT\ICCU\MILV\215288  |4 trl 
830 0 |a Albi illustrati e cartonati  |0 IT\ICCU\UBO\4379629 
942 |2 ddc  |c BK  |n 0 
952 |0 0  |1 0  |4 0  |6 R_612_000000000000000_HAI  |7 0  |9 21744  |a BO  |b BO  |d 2026-01-15  |i 19379  |l 0  |o R 612 HAI  |p BO19379  |r 2026-01-15 23:22:08  |w 2026-01-15  |x [Sebina 5] [1 v.]  |y BK  |z 1 v. 
999 |c 18577  |d 18577